Normal view
MARC view
Entry Personal Name
001 - CONTROL NUMBER
- control field: 20255
003 - CONTROL NUMBER IDENTIFIER
- control field: OSt
005 - DATE AND TIME OF LATEST TRANSACTION
- control field: 20260407010407.0
008 - FIXED-LENGTH DATA ELEMENTS
- fixed length control field: 260407|| aca||aabn | a|a d
040 ## - CATALOGING SOURCE
- Original cataloging agency: OSt
- Transcribing agency: OSt
100 ## - HEADING--PERSONAL NAME
- Personal name: Camia, Livnie Dhey E., author
670 ## - SOURCE DATA FOUND
- Source citation: Work cat.: (OSt)5131: Camia, Livnie Dhey E., author., The challenges of fruit suppliers in selected public market of Cavite/ , 2023
